000 00630nam a2200229Ia 4500
003 OSt
005 20220928104113.0
006 a|||||r|||| 00| 0
007 ta
008 220927b |||||||| |||| 00| 0 eng d
024 _a60049
037 _cTextual
040 _aSDCL
_cSDCL
_beng
041 _2eng
_aeng
082 _aR693x, N7
100 _aJain Ratan Chandra
_9408622
245 0 _aJaindarshan main nishchay aur vyavahar naya ek anusheelan.
260 _aVaranasi
_bParsvanatha Vidapitha
300 _a259p.
_ccm.
942 _hR693x, N7
_cTEXL
_2CC
999 _c724127
_d724127